=LDR 00000nam 2200000 4500 =001 INLIS000000000047654 =005 20160203111755.0 =006 =007 =008 =035 ##$$0010-021600000000042 =040 ##$$a NBPDMAT =082 ##$$a 371.72 =090 ##$$a R.371.72 $bNot n =245 ##$$a Nota keuangan dan rancangan Undang-undang Republik Indonesia Nomor 18 tahun 2007 tentang Anggaran Pendapatan dan Belanja Negara tahun anggaran 2007 =260 ##$$a Jakarta $b Sekretariat Negara Republik Indonesia $c 2007 =300 ##$$a 57 hlm. ; 29 cm =500 ##$$a Sekretariat Negara Republik Indonesia =650 ##$$a Anggaran Pendapatan dan Belanja Negara =850 ##$$a NBPDMAT =990 ##$$a 31500527 =990 ##$$a 31500527/BPAP-NTB/2016